Statistics for British Prime Ministers Quiz

Click here to take the quiz!

General Stats

  • This quiz has been taken 127,264 times
    (23,000 since last reset)
  • The average score is 21 of 55

Answer Stats

Term Party Prime Minister % Correct
2016-2019ConservativeTheresa May
96%
2019-ConservativeBoris Johnson
94%
1979-1990ConservativeMargaret Thatcher
94%
1940-1945, 1951-1955ConservativeWinston Churchill
93%
2010-2016ConservativeDavid Cameron
89%
1997-2007LabourTony Blair
89%
2007-2010LabourGordon Brown
77%
1990-1997ConservativeJohn Major
66%
1937-1940ConservativeNeville Chamberlain
66%
1868, 1874-1880ConservativeBenjamin Disraeli
52%
1964-1970, 1974-1976LabourHarold Wilson
51%
1945-1951LabourClement Attlee
50%
1916-1922LiberalDavid Lloyd George
48%
1766-1768WhigWilliam Pitt the Elder
47%
1970-1974ConservativeEdward Heath
47%
1783-1801, 1804-1806ToryWilliam Pitt the Younger
47%
1852, 1858-1859, 1866-1868ConservativeEarl of Derby
46%
1976-1979LabourJames Callaghan
42%
1955-1957ConservativeAnthony Eden
41%
1957-1963ConservativeHarold Macmillan
41%
1868-1874, 1880-1885, 1886, 1892-1894LiberalWilliam Gladstone
39%
1834-1835, 1841-1846ConservativeRobert Peel
36%
1828-1830, 1834ToryDuke of Wellington
34%
1924, 1929-1935Labour/National LabourRamsay MacDonald
33%
1721-1742WhigSir Robert Walpole
33%
1963-1964ConservativeAlec Douglas-Home
33%
1923-1924, 1924-1929, 1935-1937ConservativeStanley Baldwin
32%
1908-1916LiberalHerbert Asquith
31%
1852-1855PeeliteEarl of Aberdeen
30%
1922-1923ConservativeAndrew Bonar Law
28%
1885-1886, 1886-1892, 1895-1902ConservativeMarquess of Salisbury
28%
1830-1834WhigEarl Grey
26%
1812-1827ToryLord Liverpool
25%
1834, 1835-1841WhigLord Melbourne
25%
1855-1858, 1859-1865Liberal/WhigLord Palmerston
25%
1770-1782ToryLord Frederick North
23%
1905-1908LiberalHenry Campbell-
Bannerman
22%
1754-1756, 1757-1762WhigDuke of Newcastle
22%
1902-1905ConservativeArthur Balfour
22%
1809-1812TorySpencer Perceval
22%
1894-1895LiberalEarl of Rosebery
19%
1765-1766, 1782WhigMarquess of Rockingham
18%
1756-1757WhigDuke of Devonshire
18%
1762-1763ToryEarl of Bute
18%
1846-1852, 1865-1866Liberal/WhigLord John Russell
18%
1827ToryGeorge Canning
17%
1783, 1807-1809ToryDuke of Portland
17%
1743-1754WhigHenry Pelham
16%
1742-1743WhigEarl of Wilmington
16%
1827-1828ToryViscount Goderich
16%
1806-1807WhigLord Grenville
16%
1763-1765WhigGeorge Grenville
16%
1782-1783WhigEarl of Shelburne
15%
1768-1770WhigDuke of Grafton
15%
1801-1804ToryHenry Addington
14%

Score Distribution

Percentile by Number Answered

Percent of People with Each Score

Your Score History

You have not taken this quiz since the last reset